Eximbanka SR pripravuje radikálne racionalizačné opatrenia

Škody spôsobené Eximbanke SR uzatvorením nevýhodných zmlúv predchádzajúcim vedením banky. Hĺbková kontrola v banke. Nové vedenie banky vypracovalo novú organizačnú štruktúru, novú stratégiu a novú koncepciu činnosti na najbližšie obdobie. Počíta sa so znížením počtu pracovníkov, znížením základných...

Descrizione completa

Salvato in:
Dettagli Bibliografici
Autore principale: Medžová, Andrea
Natura: Capitolo di libro
Lingua:slovacco
Soggetti:
Tags: Aggiungi Tag
Nessun Tag, puoi essere il primo ad aggiungerne!!

MARC

LEADER 00000naa a2200000 4500
001 r034464
005 20230921103243.6
041 0 |a slo 
044 |a SK 
245 1 0 |a Eximbanka SR pripravuje radikálne racionalizačné opatrenia  |c Andrea Medžová 
520 |a Škody spôsobené Eximbanke SR uzatvorením nevýhodných zmlúv predchádzajúcim vedením banky. Hĺbková kontrola v banke. Nové vedenie banky vypracovalo novú organizačnú štruktúru, novú stratégiu a novú koncepciu činnosti na najbližšie obdobie. Počíta sa so znížením počtu pracovníkov, znížením základných nominálnych miezd. Eximbanka nepočíta so zdrojmi zo štátneho rozpočtu. 
610 2 0 |a eximbanky 
610 2 0 |a kontrola banková 
610 2 0 |a štruktúra organizačná 
610 2 0 |a stratégia podniková 
610 2 0 |a počet pracovníkov 
610 2 0 |a mzdy nominálne 
610 2 0 |a Eximbanka SR Bratislava 
100 1 |a Medžová, Andrea